000 00340 a2200157 4500
001 48360
020 _a8573190205
040 _cAnchieta - Bela Vista
100 _aWATANABE, Lucy
240 1 0 _aPonto final feliz
_lpor
245 1 0 _aPonto final feliz
300 _a28 p.
362 0 _a1992
650 4 _aLiteratura infantil
942 _cBK
999 _c48360
_d48360